=LDR 00000nam 2200000 4500 =001 000222 =990 ##$$a TBM202500033 =005 20250710113840 =035 ##$$a 0010-0725000034 =245 1#$$a Jangan Dekat-Dekat! /$c Salma Intifada =100 #$$a Salma Intifada =250 ##$$a Cetakan Pertama =300 ##$$a 24 : $b ilus. ; $c 29,7 cm =856 ##$$a TBM AS SUHADA =260 ##$$a Jakarta Timur :$b Badan Pengembangan dan Pembinaan Bahasa,$c 2022 =082 ##$$a 398.245 598 =084 ##$$a 398.245 598 SAL j =020 ##$$a 978-623-307-187-1 =600 #4$$a Cerita anak - Fabel =650 #4$$a Literasi-Bahan Bacaan